Mejoramiento de la enseñanza de la física; a través de construcción y discusión de varios tipos de problemas /
Guardado en:
| Autor Principal: | |
|---|---|
| Formato: | Libro |
| Publicado: |
Uruguay :
Unesco,
1972
|
| Materias: | |
| Etiquetas: |
Agregar Etiqueta
Sin Etiquetas, Sea el primero en etiquetar este registro!
|
| LEADER | 00839nam a22001935a 4500 | ||
|---|---|---|---|
| 001 | CEM.cems006371 | ||
| 005 | 20060214000000.0 | ||
| 008 | 130507s1972##################000#0#####d | ||
| 003 | CEMS | ||
| 082 | 0 | 4 | |a 530.7 |
| 100 | 1 | |a Unesco | |
| 245 | 1 | 0 | |a Mejoramiento de la enseñanza de la física; a través de construcción y discusión de varios tipos de problemas / |
| 260 | |a Uruguay : |b Unesco, |c 1972 | ||
| 300 | |a 91 p. | ||
| 505 | 0 | |a Física de una Tierra en movimiento. La física antigua. La Tierra y el Universo. Explorando las profundidades del Universo. Hacia una física inercial. La Música celestial de Kepler. El gran dise¤o. Una nueva física | |
| 653 | |a Física | ||
| 653 | |a Física-enseñanza de la | ||
| 859 | |a CEMS |b BIB. CEMS - 11 de abril |h 530.7 |i Un1 |p 9682.81 |t Ej.1 | ||
| 859 | |a CEMS |b BIB. CEMS - 11 de abril |h 530.7 |i Un1 |p 9683.81 |t Ej.2 | ||
